Trénink lehkoatletických disciplín /

Gespeichert in:
Bibliographische Detailangaben
1. Verfasser: Vacula, Jindřich (xxx)
Format: Buch
Sprache:Tschechisch
Veröffentlicht: Praha : Státní pedagogické nakladatelství, 1975
Ausgabe:2.upr.vyd.
Schlagworte:
Tags: Tag hinzufügen
Keine Tags, Fügen Sie das erste Tag hinzu!

MARC

LEADER 00000nam a22000003a 4500
001 stu43607
005 20150617225716.9
008 941116s1975----cs------------------cze-d
040 |a STU  |b slo 
041 0 |a cze 
044 |a cs 
080 |a 796.42.015.2 
100 1 |a Vacula, Jindřich  |4 xxx 
245 1 |a Trénink lehkoatletických disciplín /  |c Jindřich Vacula a kol 
250 |a 2.upr.vyd. 
260 |a Praha :  |b Státní pedagogické nakladatelství,  |c 1975 
300 |a 391 s 
650 7 |a Atletika ľahká  |2 stusub 
650 7 |a tréning  |2 stusub 
996 |b 284M035653  |c M*2166-1  |l MMKN  |s A  |a 24  |w stu43607_0001